American civil war battles - Statistics

General Stats
  • This quiz has been taken 49 times
    7 since last reset
  • The average score is 12 of 15
Answer Stats
Hint Answer % Correct
(May 1863): Confederate masterpiece, but the loss of "Stonewall" Jackson was a severe blow Chancellorsville
100%
(Sept 1863): Bloodiest battle in the West; rare Confederate tactical victory in the Western Theater. Chickamauga
100%
(1861)The first conflict in the war, which was fought in the harbor of Charleston Fort Sumter
100%
(July 1863): Major Union victory, halting Lee's Northern invasion; a key turning point. This is where the infamous Pickett's Charge happened. Gettysburg
100%
(May 1864): Brutal, inconclusive battle marking the start of Grant's Overland Campaign. The Wilderness
100%
(July 1863): Grant's triumph secured Union control of the Mississippi River, splitting the Confederacy. Vicksburg
100%
(1862) Often considered the bloodiest day in American history fought in Maryland, it led to the Emancipation Proclamation. Antietam
75%
(April 1865): Lee's surrender to Grant effectively ended the war. Was signed at the home of Wilmer McLean (Again) Appomattox Court House
75%
(July-Sept 1864): The fall of this city boosted Northern morale and helped Lincoln win re-election. Was the end of Sherman's March to the sea. Atlanta
75%
(1861) This was the first major land battle of the war; Confederate troops obliterated the North as people watched the battle in Virginia at the site of Wilmer McLean's home. First battle of bull run/Manassas
75%
(1862) Disastrous Union defeat in the east(Virginia), crushed morale Fredericksburg
75%
(1862) Bloody western battle; Was a Union victory under Grant Shiloh
75%
(Nov 1863): Union victory opening the way to the Deep South for Sherman. Chattanooga
50%
(June 1864): Another devastating Union defeat during the Overland Campaign. Cold Harbor
50%
(May 1864): Fierce fighting, heavy casualties, showcasing Grant's relentless pressure. Spotsylvania County
0%
No matching quizzes found
Score Distribution
Percent of People with Each Score
Percentile by Number Answered
Your Score History
You have not taken this quiz since the last reset